00229nam a22001097a 4500003000400000020001800004082001400022100002000036245003100056260002400087300000800111SGT a9780670082186 a300bC08B aBHUSHAN, SHANTI aCOURTING DESTINY: A MEMOIR bPENGUIN BOOKSc2008 a393